000 00402nam a2200157Ia 4500
008 210210b1977 xxu||||| |||| 00| 0 eng d
020 _a0 7069 0576 0
082 _a324.2092 VAST
100 _aVASUDEV (Uma).
245 _aTwo faces of Indira Gandhi.
260 _aND
_bVikas Publishing House Pvt Ltd.
_c1977
300 _a208
650 _aIndira Gandhi
690 _aBiography
906 _aSG00158
999 _c111852
_d111852